000 00375nam a2200169Ia 4500
100 _aBERNE PATRICIA H.
650 _aPHILOPSOPHY
942 _cBK
366 _f25
654 _aSELF-ESTEEM
245 _aBUILDING SELF-ESTEEM IN CHILDREN
260 _bBETTER YOURSELF BOOK
_aBandra
_c1981
082 _a170/BER
_bBER
300 _a162
546 _aENGLISH
999 _c17939
_d17939